[Event "Ruhrgebiet VK3 0405"]
[Site "Ruhrgebiet"]
[Date "2005.01.30"]
[Round "6.7"]
[White "Post, Ralf"]
[Black "Neskovic, Miroslav"]
[Result "0-1"]
[WhiteElo "1820"]
[BlackElo "1675"]
[PlyCount "44"]
[EventDate "2004.09.12"]
[EventType "team"]
[EventRounds "9"]
[EventCountry "GER"]
[SourceTitle "EXT 2006"]
[Source "ChessBase"]
[SourceDate "2005.11.24"]
[SourceVersion "1"]
[SourceVersionDate "2005.11.24"]
[SourceQuality "1"]
[WhiteTeam "Wattenscheid IV"]
[BlackTeam "Ahlen II"]
[WhiteTeamCountry "GER"]
[BlackTeamCountry "GER"]

1. Nf3 e6 2. g3 c5 3. Bg2 Nf6 4. 0-0 d5 5. c3 Nc6 6. d4 cxd4 7. cxd4 Be7 8. Nc3 0-0 9. Re1 a6 10. e4 dxe4 11. Nxe4 Nxe4 12. Rxe4 Bf6 13. Bf4 Qb6 14. Ne5 Bxe5 15. dxe5 Qxb2 16. Rc1 Rd8 17. Qg4 Rd4 18. Bh6 g6 19. Rxc6 Rxe4 20. Rd6 Re1+ 21. Bf1 Bd7 22. Rxd7 Qb5 0-1

[Event "Ruhrgebiet VK3 0405"]
[Site "Ruhrgebiet"]
[Date "2004.10.10"]
[Round "2.8"]
[White "Neskovic, Miroslav"]
[Black "Brandhorst, Dieter"]
[Result "0-1"]
[WhiteElo "1675"]
[BlackElo "1876"]
[PlyCount "82"]
[EventDate "2004.09.12"]
[EventType "team"]
[EventRounds "9"]
[EventCountry "GER"]
[SourceTitle "EXT 2006"]
[Source "ChessBase"]
[SourceDate "2005.11.24"]
[SourceVersion "1"]
[SourceVersionDate "2005.11.24"]
[SourceQuality "1"]
[WhiteTeam "Ahlen II"]
[BlackTeam "Wacker Bergeborbeck"]
[WhiteTeamCountry "GER"]
[BlackTeamCountry "GER"]

1. g4 b6 2. Bg2 Nc6 3. d4 Bb7 4. d5 Ne5 5. e4 e6 6. Bf4 Bd6 7. Qd4 Qf6 8. Ne2 Nxg4 9. Qxf6 N8xf6 10. h3 Bxf4 11. hxg4 Be5 12. Nbc3 Nxg4 13. Bh3 Nf6 14. 0-0-0 g5 15. Rhf1 0-0-0 16. f4 gxf4 17. Nxf4 Bxc3 18. bxc3 Nxe4 19. dxe6 dxe6 20. Rxd8+ Rxd8 21. Nh5 Ng5 22. Bg4 f5 23. Be2 Ne4 24. Bc4 Bd5 25. Bxd5 Rxd5 26. Ng7 Nxc3 27. Kb2 Na4+ 28. Ka3 Nc5 29. Rh1 Rd7 30. Rxh7 Kb7 31. Kb2 f4 32. Kc3 f3 33. Rh3 Rxg7 34. Rxf3 Rg3 35. Rxg3 Ne4+ 36. Kd4 Nxg3 37. Ke5 Ne2 38. c4 Nc3 39. a3 Nb1 40. Kxe6 Nxa3 41. Kd5 Nxc4 0-1